Antropotecnias fin de siecle : la subjetividad decadente de Jean Floressas des Esseintes (Record no. 157100)

MARC details
000 -CABECERA
campo de control de longitud fija 00617nab a2200217 a 4500
005 - FECHA Y HORA DE LA ÚLTIMA TRANSACCIÓN
campo de control 20210219161432.0
008 - ELEMENTOS DE LONGITUD FIJA--INFORMACIÓN GENERAL
campo de control de longitud fija 991125s1985 mx 000 0 spa u
035 ## - NÚMERO DE CONTROL DEL SISTEMA
Número de control de sistema UPN01000184997
100 1# - ASIENTO PRINCIPAL--NOMBRE PERSONAL
Nombre de persona Loredo, José Carlos
222 ## - TÍTULO CLAVE
Título clave ESTUDIOS DE PSICOLIGA
245 ## - MENCIÓN DE TÍTULO
Título Antropotecnias fin de siecle : la subjetividad decadente de Jean Floressas des Esseintes
260 ## - PUBLICACIÓN, DISTRIBUCIÓN, ETC.
Lugar de publicación, distribución, etc. Madrid, España
300 ## - DESCRIPCIÓN FÍSICA
Extensión 389-404
362 0# - FECHAS DE PUBLICACIÓN Y/O DESIGNACIÓN SECUENCIAL
Fecha de publicación y/o designación secuencial 2011 Vol. 32, no. 3, nov.
653 0# - TERMINO DE INDIZACION - NO CONTROLADO
Término no controlado SUBJETIVIDAD
653 0# - TERMINO DE INDIZACION - NO CONTROLADO
Término no controlado DANDISMO
653 0# - TERMINO DE INDIZACION - NO CONTROLADO
Término no controlado PSICOLOGIA DEL ARTE
700 1# - ASIENTO SECUNDARIO--NOMBRE DE PERSONAL
Nombre de persona Castro, Jorge,
700 1# - ASIENTO SECUNDARIO--NOMBRE DE PERSONAL
Término indicativo de función/relación coaut.
905 ## - TIPO DE MATERIAL
Tipo de material Articulo

No items available.